Descripción histórica, geográfica y política de la República de Colombia / (Record no. 39086)

MARC details
000 -LEADER
campo de control de longitud fija 00776nam a2200205 i 4500
001 - NÚMERO DE CONTROL
campo de control 39086
003 - IDENTIFICADOR DE NÚMERO DE CONTROL
campo de control ES-MaACL
005 - FECHA Y HORA DE LA ÚLTIMA TRANSACCIÓN
campo de control 20230906155904.0
007 - CAMPO FIJO DE DESCRIPCIÓN FÍSICA--INFORMACIÓN GENERAL
campo de control de longitud fija t|
008 - DATOS DE LONGITUD FIJA--INFORMACIÓN GENERAL
campo de control de longitud fija 030227s1888 sp ||||1| spa d
100 1# - ENTRADA PRINCIPAL--NOMBRE DE PERSONA
Nombre de persona Camprubí, Manuel.
9 (RLIN) 34305
245 10 - MENCIÓN DEL TÍTULO
Título Descripción histórica, geográfica y política de la República de Colombia /
Mención de responsabilidad, etc. Manuel Camprubí.
260 ## - PUBLICACIÓN, DISTRIBUCIÓN, ETC.
Lugar de publicación, distribución, etc. Barcelona :
Nombre del editor, distribuidor, etc. [s.n.],
Fecha de publicación, distribución, etc. 1888 (
Fabricante Imp. de Luis Tasso Sierra)
300 ## - DESCRIPCIÓN FÍSICA
Extensión 39 p. ;
Dimensiones 20 cm.
530 ## - NOTA DISPONIBLE DE FORMULARIO FÍSICO ADICIONAL
Nota de formato físico adicional disponible Disponible en formato digital.
594 ## - Nota al título y mención de responsabilidad
Nota al título y mención de responsabilidad Autor (p. 34): Manuel Camprubí.
651 #4 - PUNTO DE ACCESO ADICIONAL DE MATERIA--NOMBRE GEOGRÁFICO
Nombre geográfico Colombia-
Subdivisión general Descripción.
9 (RLIN) 142474
852 ## - LOCALIZACIÓN
Ubicación ES-MaACL
Número de control de estantería T-955-F-1
Nota libre .- Legado de González del Campillo
856 ## - LOCALIZACIÓN Y ACCESO ELECTRÓNICOS
Identificador Uniforme de Recursos <a href="http://bdh-rd.bne.es/viewer.vm?id=0000114190&page=1 ">http://bdh-rd.bne.es/viewer.vm?id=0000114190&page=1 </a>
Nota pública Biblioteca Digital Hispánica
Holdings
Estatus retirado Estado de pérdida Estado de daño No para préstamo Colección Biblioteca de origen Biblioteca actual Ubicación en estantería Fecha de adquisición Fuente de adquisición Total de préstamos Signatura topográfica completa Código de barras Visto por última vez Precio de reemplazo Tipo de ítem Koha
        Colección de folletos Biblioteca del Ateneo de Madrid Biblioteca del Ateneo de Madrid Depósito folletos 17/01/2008     T-955-F-1 1041162 23/02/2023 23/02/2023 Folleto